Private investors dominate UK auction houses (Record no. 71550)

MARC details
000 -LEADER
fixed length control field 01185cam a2200253 4500
001 - CONTROL NUMBER
control field WB3842-01
008 - FIXED-LENGTH DATA ELEMENTS--GENERAL INFORMATION
fixed length control field 021112n2002 000 0 eng u
035 ## - SYSTEM CONTROL NUMBER
System control number (Sirsi) u120425
245 ## - TITLE STATEMENT
Title Private investors dominate UK auction houses
260 ## - PUBLICATION, DISTRIBUTION, ETC.
Date of publication, distribution, etc. 2002
490 ## - SERIES STATEMENT
Series statement RICS Property Auctioneering Group News
520 ## - SUMMARY, ETC.
Summary, etc. According to Jones Lang LaSalle (JLL), private investors are driving commercial property UK auction houses activity but may not be fully aware of the risks. Based on IPD auction results analysis system (ARAS) data, auction houses look set to achieve a record £1.2bn through property sales in 2002. Compared to around £800m in 2001 and £600m in 2000. JLL auctions page http://www.joneslanglasalle.co.uk/services_capital01/pg_auctions.html. http://www.rics.org/ricscms/bin/show?class=News&template=/includes/shownews.html&id=4161.
590 ## - LOCAL NOTE (RLIN)
Local note WB
650 ## - SUBJECT ADDED ENTRY--TOPICAL TERM
Topical term or geographic name entry element PRIVATE INVESTORS
650 ## - SUBJECT ADDED ENTRY--TOPICAL TERM
Topical term or geographic name entry element AUCTION HOUSES
650 ## - SUBJECT ADDED ENTRY--TOPICAL TERM
Topical term or geographic name entry element PROPERTY-COMMERCIAL PROPERTY
650 ## - SUBJECT ADDED ENTRY--TOPICAL TERM
Topical term or geographic name entry element ARAS
650 ## - SUBJECT ADDED ENTRY--TOPICAL TERM
Topical term or geographic name entry element AUCTION RESULTS ANALYSIS SYSTEM
650 ## - SUBJECT ADDED ENTRY--TOPICAL TERM
Topical term or geographic name entry element IPD
650 ## - SUBJECT ADDED ENTRY--TOPICAL TERM
Topical term or geographic name entry element JONES LANG LASALLE
650 ## - SUBJECT ADDED ENTRY--TOPICAL TERM
Topical term or geographic name entry element PROPERTY SALES
690 ## - LOCAL SUBJECT ADDED ENTRY--TOPICAL TERM (OCLC, RLIN)
Topical term or geographic name as entry element Auctioneering
9 (RLIN) 6218
942 ## - ADDED ENTRY ELEMENTS (KOHA)
Suppress in OPAC 0
Holdings
Withdrawn status Lost status Source of classification or shelving scheme Damaged status Not for loan Home library Current library Shelving location Date acquired Total Checkouts Full call number Barcode Date last seen Copy number Price effective from Koha item type
    Dewey Decimal Classification     London London News article 12/11/2002   WB3842-01 120425-1001 06/08/2019 1 06/08/2019 News article